Family Law Lectures (Record no. 29128)
[ view plain ]
| 000 -LEADER | |
|---|---|
| fixed length control field | 00186nam a2200085Ia 4500 |
| 008 - FIXED-LENGTH DATA ELEMENTS--GENERAL INFORMATION | |
| fixed length control field | 170620s9999 xx 000 0 und d |
| 100 ## - MAIN ENTRY--PERSONAL NAME | |
| Personal name | Kusum |
| 245 #0 - TITLE STATEMENT | |
| Title | Family Law Lectures |
| 260 ## - PUBLICATION, DISTRIBUTION, ETC. | |
| Name of publisher, distributor, etc. | Lexis Nexis |
| 260 ## - PUBLICATION, DISTRIBUTION, ETC. | |
| Date of publication, distribution, etc. | 2003 |
| Withdrawn status | Lost status | Source of classification or shelving scheme | Damaged status | Not for loan | Home library | Current library | Date acquired | Barcode | Date last seen | Price effective from | Koha item type |
|---|---|---|---|---|---|---|---|---|---|---|---|
| IIMT University College of Law | IIMT University College of Law | 06/29/2017 | 04-B-2159 | 06/29/2017 | 06/29/2017 | Reference Book |

